Statistics for Croatian Football Players Abroad

Click here to take the quiz!

General Stats

  • This quiz has been taken 217 times
  • The average score is 18 of 33

Answer Stats

Competition Club Position Player % Correct
Real MadridMDLuka Modric
98%
FC BarcelonaMDIvan Rakitic
93%
SpainAtlético MadridFWMario Mandzukic
89%
LiverpoolDFDejan Lovren
87%
FranceAS MonacoGKDanijel Subasic
80%
WolfsburgFWIvan Perisic
79%
RussiaLokomotiv MoscowDFVedran Corluka
73%
HamburgFWIvica Olic
72%
Shakhtar DonetskDFDarijo Srna
70%
Dynamo KievDFDomagoj Vida
70%
Queens Park RangersMDNiko Kranjcar
66%
Inter MilanMDMateo Kovacic
66%
DniproFWNikola Kalinic
66%
GermanyBayer LeverkusenDFTin Jedvaj
64%
EnglandHull CityFWNikica Jelavic
64%
ItalyFiorentinaMDMilan Badelj
64%
FK RostovGKStipe Pletikosa
63%
SassuoloDFSime Vrsaljko
63%
DniproDFIvan Strinic
59%
GetafeMDSammir
57%
PanathinaïkosMDDanijel Pranjic
56%
GreecePanathinaïkosFWMladen Petric
49%
PanathinaïkosDFGordon Schildenfeld
46%
ElcheMDMario Pasalic
42%
HamburgFWIvo Ilicevic
27%
FK RostovDFHrvoje Milic
27%
Rubin KazanFWMarko Livaja
24%
Bayer LeverkusenGKDario Kresic
24%
UkraineDniproMDMladen Bartulovic
17%
UdineseDFIgor Bubnjic
17%
Lazio RomaMDJosip Elez
10%
Hellas VeronaDFIvan Martic
9%
NaplesMDJosip Radosevic
6%

Score Distribution

Percentile by Number Answered

Percent of People with Each Score

Your Score History

You have not taken this quiz